• 首页
  • 本馆介绍
  • 公告通知
  • 最新文献
  • 馆藏检索
  • 电子资源
  • 读者导购
  • 参考咨询
  • 我的图书馆
  • 登录
  • 详细信息显示
  • 放入我的书架
  • 预约/预借图书
  • 作者相关作品
  • 分类相关作品
  • 丛书相关作品
  • 出版社相关作品

书目信息

  • 表格格式
  • 工作单格式
  • 卡片格式
题名:
文学文本的精神分析
    
 
作者: 贝尔曼-诺埃尔 著 ;李书红 译
分册:  
出版信息: 天津   天津人民出版社  2004
页数: 159页
开本: 18cm
丛书名: 法国大学128丛书
单 册:
中图分类: I06
科图分类:
主题词: 精神分析--应用--文学评论
电子资源:
ISBN: 7-201-04382-X
000 01170oam2 2200289 450
001 060000008409
005 20050919102110.90
010    @a7-201-04382-X@dCNY12.80
100    @a20040920d2004 ekmy0chiy0120 ea
101 1  @achi@cfre
102    @aCN@b120000
105    @ay arz 000zy
200 1  @a文学文本的精神分析@9wen xue wen ben de jing shen fen xi@e弗洛伊德影响下的文学批评解析导论@f(法)J. 贝尔曼-诺埃尔著@F(fa)J.bei er man-nuo ai er zhu@g李书红译
210    @a天津@c天津人民出版社@d2004
215    @a159页@d18cm
225 2  @a法国大学128丛书
300    @a本书出版承蒙法国外交部予以资助
320    @a有书目
330    @a在本书的开头,作者对精神分析学的基本概念进行了简要说明,之后,又简单地回顾了一下弗洛伊德及其继承者在艺术创作方面的立场和观点,并介绍了一些近期有关精神分析学和文本的研究成果。
410  0 @12001 @a法国大学128丛书
517 1  @a弗洛伊德影响下的文学批评解析导论@9fu luo yi de ying xiang xia de wen xue pi ping jie xi dao lun
606 0  @a精神分析@x应用@x文学评论
690    @aI06@v4
701  0 @a贝尔曼-诺埃尔@Abei er man-nuo ai er@4著
702  0 @a李书红@Ali shu hong@4译
801  0 @aCN@bTSSF@c20050919
905    @a10447@dI06@e115
    
    文学文本的精神分析:弗洛伊德影响下的文学批评解析导论/(法)J. 贝尔曼-诺埃尔著/李书红译.-天津:天津人民出版社,2004
    159页;18cm.-(法国大学128丛书)
    本书出版承蒙法国外交部予以资助
    
    ISBN 7-201-04382-X:CNY12.80
    在本书的开头,作者对精神分析学的基本概念进行了简要说明,之后,又简单地回顾了一下弗洛伊德及其继承者在艺术创作方面的立场和观点,并介绍了一些近期有关精神分析学和文本的研究成果。
●
相关链接 在E读中查询图书 在五车中查询图书 在当当中查询图书 在豆瓣中查询图书


正题名:文学文本的精神分析     索取号:I06/115         预约/预借

序号 登录号 条形码 馆藏地/架位号 状态 备注
1 0361550   3615500   第一样本阅览室/ [索取号:I06/115] 在馆    
2 0361551   3615519   第二借阅区/ [索取号:I06/115] 在馆    
3 0361552   3615528   第二借阅区/ [索取号:I06/115] 在馆    
4 0361553   3615537   第二借阅区/ [索取号:I06/115] 在馆    
5 0361554   3615546   第二借阅区/ [索取号:I06/115] 在馆    
6 0361555   3615555   第二借阅区/ [索取号:I06/115] 在馆    
7 0361556   3615564   第二借阅区/ [索取号:I06/115] 在馆    
8 0361557   3615573   第二借阅区/ [索取号:I06/115] 在馆    
9 0361558   3615582   第二借阅区/ [索取号:I06/115] 在馆    
10 0361559   3615591   第二借阅区/ [索取号:I06/115] 在馆    
唐山师范学院图书馆 欢迎您!
大连网信软件有限公司© 版权所有